| 000 | 00624nmm a2200193Ia 4500 | ||
|---|---|---|---|
| 008 | 251105s9999||||xx |||||||||||||||||und|| | ||
| 041 | _aspa | ||
| 100 | _aOchoa Bravo, Carmen | ||
| 245 | 0 | _aLas exposiciones: Tipos y diseño | |
| 264 |
_a[Madrid, España] : _bMinisterio de Educación, Cultura y Deporte de España, _c2017 |
||
| 300 | _a168 páginas | ||
| 650 | _aEconomics and Business | ||
| 700 | _aOchoa Bravo, Carmen | ||
| 700 | 1 | _a Crespo Ochoa, Carlos | |
| 700 | 1 | _a Morales González, Susana | |
| 700 | 1 | _a Veselinova Sabeva, Denica | |
| 856 | _uhttps://public.digitaliapublishing.com/a/60338 | ||
| 942 | _cCF | ||
| 999 |
_c69462 _d69462 |
||